Vplyv start-upov na ekonomiku Slovenska a ich pôsobenie na podnikateľské prostredie bakalárska práca

Gespeichert in:
Bibliographische Detailangaben
1. Verfasser: Lichtneckerová, Andrea
Körperschaft: Národohospodárska fakulta EU. Katedra ekonómie
Weitere Verfasser: Novák, Marcel, 1979-
Format: Buch
Sprache:Slowakisch
Veröffentlicht: Bratislava 2016
Tags: Tag hinzufügen
Keine Tags, Fügen Sie das erste Tag hinzu!

MARC

LEADER 00000nbm a2200000 4500
001 0219896
005 20161108125734.4
041 0 |a slo 
044 |a SK 
245 1 0 |a Vplyv start-upov na ekonomiku Slovenska a ich pôsobenie na podnikateľské prostredie  |b bakalárska práca  |c Andrea Lichtneckerová ; školiteľ: Marcel Novák 
264 1 |a Bratislava  |c 2016 
300 |a 38 s. 
100 1 |a Lichtneckerová, Andrea 
700 1 |a Novák, Marcel, 1979- 
710 2 |a Národohospodárska fakulta EU. Katedra ekonómie